[Event "11e Open International de La Fere"]
[Site "La Fere (FRA)"]
[Date "2012.07.08"]
[Round "2.37"]
[White "Delias, Alexis"]
[Black "Dagnicourt, Francis"]
[Result "0-1"]
[WhiteElo "1499"]
[BlackElo "1668"]
[PlyCount "87"]
[EventDate "2012.??.??"]

1. d4 Nf6 2. c4 g6 3. Nc3 Bg7 4. Bg5 O-O 5. Nf3 d6 6. e4 Bg4 7. Be2 Nbd7 8. Qd2
c5 9. d5 Bxf3 10. Bxf3 Ne5 11. Be2 Qa5 12. Rc1 a6 13. O-O Rab8 14. f4 Ned7 15.
a4 Qc7 16. h4 h6 17. Bxf6 Nxf6 18. f5 Nd7 19. fxg6 fxg6 20. Bg4 Ne5 21. Be6+
Kh7 22. b3 Qb6 23. Qc2 h5 24. Ne2 Bh6 25. Rce1 Qb4 26. Kh1 Qd2 27. Qxd2 Bxd2
28. Rd1 Be3 29. Ng1 Rxf1 30. Rxf1 Kg7 31. Nh3 b5 32. cxb5 axb5 33. Ng5 bxa4 34.
bxa4 c4 35. Nf3 Nd3 36. Ng5 Ne5 37. Nf3 Nd3 38. Ng5 Rf8 39. Rxf8 Kxf8 40. Nf3
Nf2+ 41. Kh2 Nxe4 42. Ne1 Nc5 43. Nc2 Bf2 44. Kh3 0-1

[Event "11e Open International de La Fere"]
[Site "La Fere (FRA)"]
[Date "2012.07.08"]
[Round "2.38"]
[White "Chevance, Gerard"]
[Black "Chaignet, Lucas"]
[Result "1/2-1/2"]
[WhiteElo "1684"]
[BlackElo "1411"]
[PlyCount "154"]
[EventDate "2012.??.??"]

1. d4 d5 2. e3 Nf6 3. Nf3 Bf5 4. c4 c6 5. Nc3 e6 6. Qb3 Qc7 7. a3 Nbd7 8. cxd5
exd5 9. Be2 Bd6 10. Bd2 O-O 11. Rc1 Qd8 12. O-O Ne4 13. Qd1 Ndf6 14. Be1 Re8
15. Nh4 Bd7 16. Bd3 a6 17. Nf3 Nxc3 18. Rxc3 Ne4 19. Rc1 f5 20. a4 f4 21. Ne5
fxe3 22. fxe3 Bxe5 23. Bxe4 dxe4 24. dxe5 Rxe5 25. Bb4 Rf5 26. Qd4 Qe8 27. Bc3
Rxf1+ 28. Rxf1 Qe7 29. Rf4 Re8 30. Rxe4 Qf7 31. Rf4 Qe7 32. e4 Be6 33. Rf3 Rf8
34. Rg3 Rf7 35. h4 c5 36. Qe5 Qc7 37. Qg5 Qe7 38. h5 Qxg5 39. Rxg5 b6 40. b4
cxb4 41. Bxb4 h6 42. Re5 Bg4 43. Rd5 Rf6 44. Rd8+ Kh7 45. e5 Re6 46. Bd6 Bxh5
47. Ra8 Be2 48. Kf2 Bc4 49. Rc8 Bd5 50. g3 g5 51. Ke3 Kg6 52. Rf8 Bc6 53. Rf1
b5 54. Kd4 h5 55. Bb4 Bb7 56. Bd2 g4 57. Rf8 Bc6 58. Rg8+ Kh7 59. Rg5 Be8 60.
Kd5 Rb6 61. e6 Bg6 62. Ke5 Kg7 63. Ba5 Rb7 64. Kd6 Kf6 65. Bd8+ Kg7 66. Rc5 Be8
67. Bg5 Rb6+ 68. Ke5 Rc6 69. Rxc6 Bxc6 70. Kd6 Be8 71. Ke7 Bg6 72. Bf6+ Kg8 73.
Kd7 Bf5 74. Kd6 Kf8 75. e7+ Ke8 76. Bc3 Bc8 77. Bb4 Bd7 1/2-1/2

[Event "11e Open International de La Fere"]
[Site "La Fere (FRA)"]
[Date "2012.07.08"]
[Round "2.39"]
[White "Lebret, Loriane"]
[Black "Alloui-Cros, Alix"]
[Result "1-0"]
[WhiteElo "1655"]
[BlackElo "1540"]
[PlyCount "51"]
[EventDate "2012.??.??"]

1. e4 e5 2. Nf3 Nc6 3. Bb5 a6 4. Ba4 Nf6 5. O-O b5 6. Bb3 Bc5 7. c3 O-O 8. Re1
d6 9. h3 Be6 10. Bc2 Ne7 11. d4 exd4 12. cxd4 Bb6 13. Bg5 Ne8 14. Nc3 f6 15.
Be3 c6 16. Rc1 Nc7 17. Nh4 Qc8 18. Qf3 d5 19. Qg3 dxe4 20. Nxe4 Qd7 21. Bh6 Nf5
22. Nxf5 Bxf5 23. Nd6 Bxc2 24. Rxc2 Kh8 25. Rce2 Nd5 26. Re7 1-0

[Event "11e Open International de La Fere"]
[Site "La Fere (FRA)"]
[Date "2012.07.08"]
[Round "2.40"]
[White "Boulnois, Boris"]
[Black "Nal, Patrick"]
[Result "0-1"]
[WhiteElo "1540"]
[BlackElo "1647"]
[PlyCount "32"]
[EventDate "2012.??.??"]

1. d4 d5 2. c4 dxc4 3. e3 Nf6 4. Bxc4 e6 5. Nc3 Be7 6. Nf3 O-O 7. O-O Nbd7 8.
Qd3 b6 9. Ne4 Bb7 10. Nxf6+ Nxf6 11. Qe2 c5 12. Rd1 Qc7 13. b3 Rfd8 14. Bb2 Ng4
15. g3 Qc6 16. Ne1 Qh1# 0-1

[Event "11e Open International de La Fere"]
[Site "La Fere (FRA)"]
[Date "2012.07.08"]
[Round "2.41"]
[White "Lalot, Hugues"]
[Black "Duquenne, Eddy"]
[Result "1-0"]
[WhiteElo "1612"]
[BlackElo "1520"]
[PlyCount "127"]
[EventDate "2012.??.??"]

1. d4 e6 2. c4 d5 3. Nf3 Nf6 4. Bg5 Be7 5. Nc3 c6 6. e3 Qa5 7. Bxf6 Bxf6 8. Bd3
Nd7 9. O-O O-O 10. Qc2 h6 11. Rad1 e5 12. cxd5 cxd5 13. dxe5 Nxe5 14. Nxe5 Bxe5
15. Bh7+ Kh8 16. Rxd5 Qc7 17. f4 Bf6 18. Bd3 Be6 19. Rb5 Rfd8 20. Be4 Rab8 21.
Rc1 Bd7 22. Rd5 Rdc8 23. Qd2 Be6 24. Rd3 Qa5 25. Bd5 Bxc3 26. Rcxc3 Rxc3 27.
bxc3 Bxd5 28. Rxd5 Qb6 29. Kf2 Re8 30. Rd7 Kg8 31. g4 Qc6 32. Qd5 Qxd5 33. Rxd5
Re7 34. a4 f6 35. Kf3 Kf7 36. h4 Rc7 37. g5 fxg5 38. hxg5 hxg5 39. fxg5 Ke6 40.
e4 Rxc3+ 41. Kf4 Rc4 42. a5 Rb4 43. Re5+ Kf7 44. Rf5+ Kg6 45. Rd5 Kf7 46. Kf5
g6+ 47. Ke5 Ke7 48. Rc5 Kd7 49. Kf6 Rxe4 50. Kxg6 Re1 51. Rf5 Kc6 52. Kf7 b6
53. Rf6+ Kb5 54. axb6 axb6 55. g6 Rg1 56. g7 Rxg7+ 57. Kxg7 Kc5 58. Rf5+ Kc4
59. Kf6 b5 60. Ke5 b4 61. Ke4 Kc3 62. Rc5+ Kb2 63. Kd3 Kb3 64. Rb5 1-0

[Event "11e Open International de La Fere"]
[Site "La Fere (FRA)"]
[Date "2012.07.08"]
[Round "2.42"]
[White "Paris, Pierre-Julien"]
[Black "Wolfangel, Jocelyne"]
[Result "1-0"]
[WhiteElo "1592"]
[BlackElo "1452"]
[PlyCount "103"]
[EventDate "2012.??.??"]

1. e4 d5 2. d4 dxe4 3. Nc3 Nf6 4. f3 exf3 5. Nxf3 Bg4 6. h3 Bxf3 7. Qxf3 c6 8.
Be3 e6 9. Bd3 Nbd7 10. O-O Be7 11. g4 O-O 12. g5 Nd5 13. Nxd5 Bxg5 14. Nf4 e5
15. Ne2 Bxe3+ 16. Qxe3 exd4 17. Qxd4 Qg5+ 18. Kh1 Nf6 19. Qf2 Qd5+ 20. Kh2 Qe5+
21. Ng3 h5 22. Rae1 Qd6 23. Kg1 Rae8 24. Rxe8 Rxe8 25. Nxh5 Re6 26. Ng3 Re7 27.
Nf5 Qe5 28. Nxe7+ Qxe7 29. Re1 Qc7 30. Kg2 c5 31. c4 Qc6+ 32. Qf3 Qb6 33. b3
Qb4 34. Re2 Qb6 35. Re7 Qa5 36. Qe2 Qd8 37. Rxb7 Qa8 38. Qf3 a5 39. Rb5 Qa7 40.
Qb7 Qxb7+ 41. Rxb7 g6 42. Ra7 Nh5 43. Kf3 g5 44. Rxa5 Nf4 45. Bf5 Kg7 46. Rxc5
Kf6 47. a4 Nh5 48. a5 Ng7 49. Bd7 Kg6 50. a6 f5 51. Bxf5+ Nxf5 52. Rxf5 1-0

[Event "11e Open International de La Fere"]
[Site "La Fere (FRA)"]
[Date "2012.07.08"]
[Round "2.43"]
[White "Dincq, Michel"]
[Black "Rodrigues, Michel"]
[Result "0-1"]
[WhiteElo "1512"]
[BlackElo "1697"]
[PlyCount "76"]
[EventDate "2012.??.??"]

1. e4 e6 2. d4 d5 3. exd5 exd5 4. Nf3 Bg4 5. Be2 Be7 6. O-O Nf6 7. b3 O-O 8. a4
Re8 9. h3 Bf5 10. Bd3 Ne4 11. Ba3 Bxa3 12. Rxa3 Nd7 13. Nfd2 Qf6 14. Bxe4 dxe4
15. Nc4 Qg6 16. g4 h5 17. b4 hxg4 18. Rg3 c6 19. hxg4 Be6 20. Ne3 Nf6 21. Nd2
Rad8 22. c3 Nd5 23. Nxd5 Rxd5 24. Qe2 Bd7 25. Re1 e3 26. fxe3 Rg5 27. Qg2 Rxg4
28. Rxg4 Bxg4 29. e4 Re6 30. Re3 Qh5 31. Rg3 Rg6 32. e5 Bh3 33. Qf2 Rxg3+ 34.
Qxg3 Qd1+ 35. Kh2 Be6 36. Qf2 Qh5+ 37. Kg1 Bd5 38. Nf1 Qh1# 0-1

[Event "11e Open International de La Fere"]
[Site "La Fere (FRA)"]
[Date "2012.07.08"]
[Round "2.44"]
[White "Caloone, Thomas"]
[Black "Chachiachvili, Loma"]
[Result "1-0"]
[WhiteElo "1660"]
[BlackElo "1397"]
[PlyCount "31"]
[EventDate "2012.??.??"]

1. e4 e5 2. Nf3 Nc6 3. Bc4 Bc5 4. O-O Nf6 5. d3 O-O 6. Bg5 h6 7. Bh4 Be7 8. Nc3
d6 9. h3 Nh7 10. Bxe7 Qxe7 11. Nd5 Qd7 12. Nh4 b6 13. Nf5 Bb7 14. Qg4 g6 15.
Nxh6+ Kh8 16. Qxd7 1-0

[Event "11e Open International de La Fere"]
[Site "La Fere (FRA)"]
[Date "2012.07.08"]
[Round "2.45"]
[White "Voiculescu-Holvad, Stefan"]
[Black "Roux, Jean-Francois"]
[Result "0-1"]
[WhiteElo "1390"]
[BlackElo "1656"]
[PlyCount "133"]
[EventDate "2012.??.??"]

1. d4 Nf6 2. c4 e6 3. Nf3 b6 4. g3 Bb7 5. Bg2 Bb4+ 6. Bd2 Qe7 7. a3 Bxd2+ 8.
Nbxd2 O-O 9. O-O d6 10. Qc2 Nbd7 11. e4 e5 12. d5 Nc5 13. b4 Ncd7 14. Nh4 Rac8
15. Qd3 Nh5 16. Qe3 g6 17. Bh3 Rcd8 18. Qh6 Bc8 19. Nhf3 Ndf6 20. Bxc8 Rxc8 21.
Ng5 Kh8 22. Ne6 Rg8 23. Ng5 Rg7 24. Nxf7+ Qxf7 25. Qe3 Qd7 26. Kg2 Rf7 27. h3
Rcf8 28. Ra2 Kg8 29. Nf3 Ne8 30. Ng5 Rf6 31. Ne6 R8f7 32. Ng5 Re7 33. Ne6 Neg7
34. Nxg7 Kxg7 35. a4 Ref7 36. f3 Kg8 37. b5 Ng7 38. Raf2 Nh5 39. Qd2 Qe7 40.
Qe3 Rf8 41. Qe2 R6f7 42. Qe3 g5 43. Qe2 h6 44. Qe3 Ng7 45. Rh1 Nh5 46. Rhf1 Kg7
47. Rh1 Nf6 48. Rhf1 Kg6 49. Qe2 Nh5 50. Rh1 Nf6 51. Rhf1 h5 52. Qd1 g4 53. Qe2
gxh3+ 54. Kxh3 Nh7 55. Kg2 Ng5 56. Qe3 Qd7 57. Rh1 Rxf3 58. Rxf3 Rxf3 59. Qxf3
Nxf3 60. Kxf3 Qg4+ 61. Kf2 Qxe4 62. Rh4 Qc2+ 63. Kf3 Qxa4 64. g4 Qb3+ 65. Kg2
hxg4 66. Rxg4+ Kf5 67. Rg7 0-1

[Event "11e Open International de La Fere"]
[Site "La Fere (FRA)"]
[Date "2012.07.08"]
[Round "2.46"]
[White "Bracq, Gregory"]
[Black "Torck, Antoine"]
[Result "1-0"]
[WhiteElo "1642"]
[BlackElo "1380"]
[PlyCount "89"]
[EventDate "2012.??.??"]

1. e4 d5 2. exd5 Nf6 3. Nf3 Bg4 4. Bb5+ Nbd7 5. Nc3 a6 6. Be2 Nb6 7. d3 Nbxd5
8. Nxd5 Qxd5 9. Be3 e6 10. c3 Rd8 11. Bd4 Be7 12. Bxf6 Bxf6 13. Qa4+ Qb5 14.
Qxg4 Qxb2 15. Rd1 Bxc3+ 16. Nd2 Bxd2+ 17. Rxd2 Qc1+ 18. Bd1 O-O 19. Qc4 Qxc4
20. dxc4 Rxd2 21. Kxd2 Rd8+ 22. Kc3 g6 23. g4 Kg7 24. Bf3 b6 25. Rd1 Rxd1 26.
Bxd1 f5 27. g5 h6 28. h4 hxg5 29. hxg5 Kf7 30. Kd4 Ke7 31. Ke5 Kf7 32. a4 Ke7
33. Be2 c5 34. Bf3 a5 35. Bc6 f4 36. f3 Kf7 37. Bd7 Ke7 38. Bxe6 Kf8 39. Kf6
Ke8 40. Kxg6 Kf8 41. Kf6 b5 42. cxb5 c4 43. b6 c3 44. b7 c2 45. b8=Q# 1-0

[Event "11e Open International de La Fere"]
[Site "La Fere (FRA)"]
[Date "2012.07.08"]
[Round "2.47"]
[White "Bohr, Frederic"]
[Black "Cretin, Stephane"]
[Result "0-1"]
[WhiteElo "1370"]
[BlackElo "1640"]
[PlyCount "60"]
[EventDate "2012.??.??"]

1. e4 e6 2. d4 d5 3. exd5 exd5 4. Be2 Nc6 5. Nf3 Bf5 6. O-O Bd6 7. Re1 Nge7 8.
c3 Qd7 9. Bd3 O-O-O 10. a4 Bg4 11. Nbd2 h5 12. a5 Ng6 13. b4 Bf4 14. Be2 Qf5
15. b5 Nb8 16. Nb3 Bd6 17. Ng5 Nf4 18. Nxf7 Nxe2+ 19. Rxe2 Qxf7 20. f3 Bd7 21.
Rb2 Bxb5 22. Nc5 a6 23. Nd3 Rhg8 24. g3 h4 25. f4 Qg6 26. Qf3 Qxd3 27. Qf2 hxg3
28. hxg3 Qd1+ 29. Kg2 Rh8 30. Rd2 Qh1# 0-1

[Event "11e Open International de La Fere"]
[Site "La Fere (FRA)"]
[Date "2012.07.08"]
[Round "2.48"]
[White "Degraeve, Remy"]
[Black "Bedu, Jean-Pierre"]
[Result "0-1"]
[WhiteElo "1368"]
[BlackElo "1548"]
[PlyCount "64"]
[EventDate "2012.??.??"]

1. e4 c6 2. d4 d5 3. exd5 cxd5 4. Bd3 Nc6 5. c3 Nf6 6. h3 g6 7. Nf3 Bg7 8. O-O
O-O 9. Bf4 Nh5 10. Bh2 Qb6 11. b3 Bh6 12. Nbd2 Nf4 13. Bxf4 Bxf4 14. Re1 Bd6
15. Ne5 Nxe5 16. dxe5 Bc5 17. Qf3 e6 18. Qf6 Qd8 19. Qf4 Bd7 20. Nf3 Be7 21.
Qh6 b5 22. b4 Re8 23. Nh2 Bg5 24. Ng4 Bxh6 25. Nxh6+ Kg7 26. Ng4 Qb6 27. Nf6
Red8 28. Re3 Rac8 29. Rg3 Rxc3 30. Nh5+ Kf8 31. Nf6 Qd4 32. Nxh7+ Kg7 0-1

[Event "11e Open International de La Fere"]
[Site "La Fere (FRA)"]
[Date "2012.07.08"]
[Round "2.49"]
[White "Brugge, Rodolphe"]
[Black "Bourgeois-Copigny, Yann"]
[Result "1/2-1/2"]
[WhiteElo "1547"]
[BlackElo "1370"]
[PlyCount "50"]
[EventDate "2012.??.??"]

1. c4 e6 2. Nc3 Nf6 3. Nf3 d5 4. cxd5 exd5 5. d4 Bb4 6. a3 Bd6 7. g3 O-O 8. Bg2
c5 9. O-O Nc6 10. Bg5 Be6 11. Re1 h6 12. Bxf6 Qxf6 13. dxc5 Bxc5 14. e4 dxe4
15. Nxe4 Qf5 16. Nd6 Bxd6 17. Qxd6 Rfd8 18. Qf4 Qxf4 19. gxf4 Rd5 20. Ne5 Rc5
21. Nxc6 bxc6 22. Rac1 Rf5 23. Bxc6 Rb8 24. b4 Rxf4 25. Bg2 Rd8 1/2-1/2

[Event "11e Open International de La Fere"]
[Site "La Fere (FRA)"]
[Date "2012.07.08"]
[Round "2.50"]
[White "Lapersonne, Patrick"]
[Black "Rossetti, Pierre-Yves"]
[Result "1/2-1/2"]
[WhiteElo "1504"]
[BlackElo "1360"]
[PlyCount "106"]
[EventDate "2012.??.??"]

1. c4 Nf6 2. Nc3 g6 3. e4 d6 4. d4 Bg7 5. Nf3 Nc6 6. Be2 O-O 7. d5 Ne5 8. Nxe5
dxe5 9. h4 b6 10. h5 Bd7 11. g4 Qc8 12. h6 Bh8 13. g5 Ne8 14. Be3 Nd6 15. Qc2
e6 16. Rc1 exd5 17. cxd5 Bg4 18. f3 Bd7 19. a4 Qb7 20. Na2 Rac8 21. Nb4 c5 22.
dxc6 Bxc6 23. Ba6 Bxa4 24. Qxc8 Rxc8 25. Rxc8+ Qxc8 26. Bxc8 Nxc8 27. Kd2 Nd6
28. Rc1 Bb5 29. Rc7 a5 30. Nd5 Nc4+ 31. Kc3 Nd6 32. Bxb6 a4 33. Bc5 Ne8 34. Kb4
Nxc7 35. Nxc7 Bd7 36. Nb5 f6 37. gxf6 Bxf6 38. Kxa4 Bg5 39. Bd6 Bxh6 40. Bxe5
Bc1 41. b4 Bd2 42. Ka5 h5 43. Nc3 h4 44. b5 h3 45. Kb4 Bxc3+ 46. Kxc3 Bxb5 47.
Kd2 Kf7 48. Ke3 Ke6 49. Bg3 Bf1 50. Kf4 Bg2 51. Kg4 g5 52. f4 gxf4 53. Kxf4
Bxe4 1/2-1/2

[Event "11e Open International de La Fere"]
[Site "La Fere (FRA)"]
[Date "2012.07.08"]
[Round "2.51"]
[White "Fornes, Paul"]
[Black "Tonneau, Bastien"]
[Result "1-0"]
[WhiteElo "1353"]
[BlackElo "1504"]
[PlyCount "45"]
[EventDate "2012.??.??"]

1. d4 d5 2. Nf3 Nf6 3. e3 Nc6 4. c3 Bg4 5. h3 Bh5 6. g4 Bg6 7. Qb3 b6 8. Bb5
Qd6 9. Ne5 O-O-O 10. Bxc6 Bd3 11. Qa4 a5 12. Nxd3 Qe6 13. Ne5 Rd6 14. Qb5 Kd8
15. Qa6 Rxc6 16. Qa8+ Qc8 17. Nxc6+ Kd7 18. Ne5+ Kd8 19. Nxf7+ Kd7 20. Qxc8+
Kxc8 21. Nxh8 Kd8 22. Nf7+ Ke8 23. Ne5 1-0

[Event "11e Open International de La Fere"]
[Site "La Fere (FRA)"]
[Date "2012.07.09"]
[Round "3.2"]
[White "Feryn, Alexandre"]
[Black "Georgiev, Vladimir"]
[Result "0-1"]
[WhiteElo "2114"]
[BlackElo "2562"]
[PlyCount "74"]
[EventDate "2012.??.??"]

1. Nf3 Nf6 2. c4 d6 3. Nc3 e5 4. d3 g6 5. g3 Bg7 6. Bg2 O-O 7. O-O c6 8. Rb1 a5
9. a3 h6 10. b4 axb4 11. axb4 Nh7 12. b5 f5 13. Qb3 c5 14. Bb2 Nd7 15. Ra1 Rb8
16. Nd5 g5 17. Nd2 Ndf6 18. Ra7 Nxd5 19. cxd5 f4 20. f3 g4 21. Ne4 Ng5 22. Qc3
Nxe4 23. dxe4 gxf3 24. exf3 Bd7 25. Rb1 fxg3 26. hxg3 Bxb5 27. Bc1 Ba6 28. Bh3
Qe8 29. Be6+ Kh8 30. Kg2 Qa4 31. Be3 Rxf3 32. Kxf3 Rf8+ 33. Bf5 Rxf5+ 34. exf5
e4+ 35. Kg4 Bxc3 36. Ra8+ Kh7 37. Rd8 Be5 0-1

[Event "11e Open International de La Fere"]
[Site "La Fere (FRA)"]
[Date "2012.07.09"]
[Round "3.3"]
[White "Jerez Perez, Alfonso"]
[Black "Feryn, Benjamin"]
[Result "1-0"]
[WhiteElo "2407"]
[BlackElo "2112"]
[PlyCount "115"]
[EventDate "2012.??.??"]

1. e4 e5 2. Nc3 Nf6 3. g3 d5 4. exd5 Nxd5 5. Bg2 Nxc3 6. bxc3 Nc6 7. Nf3 Bg4 8.
O-O Bd6 9. h3 Bh5 10. Rb1 Rb8 11. d4 O-O 12. g4 Bg6 13. dxe5 Nxe5 14. Nxe5 Bxe5
15. Qxd8 Rfxd8 16. f4 Bxc2 17. Rb2 Bd3 18. fxe5 Bxf1 19. Bxf1 Rd5 20. Bf4 b6
21. Kf2 Rbd8 22. Be2 Ra5 23. h4 Ra4 24. Ke3 Rd5 25. c4 Rd8 26. Ke4 Rd7 27. g5
Kf8 28. h5 g6 29. Rc2 c5 30. Be3 Ra3 31. hxg6 hxg6 32. Kf4 Ke7 33. Bf2 Rd8 34.
Bf3 Rdd3 35. Bd5 Ra4 36. Ke4 Raa3 37. Re2 Rf3 38. Be3 Rf1 39. Bf2 Ra1 40. Be3
R3xa2 41. Bd2 Rf1 42. e6 fxe6 43. Kd3 Ra3+ 44. Kc2 Ra2+ 45. Kc3 Rc1+ 46. Kd3
Ra3+ 47. Ke4 Rf1 48. Bc6 a5 49. Be3 Rc3 50. Bb5 a4 51. Rd2 a3 52. Rd7+ Kf8 53.
Rd8+ Kg7 54. Rd7+ Rf7 55. Rd8 Ra7 56. Bf4 Rc2 57. Be5+ Kf7 58. Be8+ 1-0

[Event "11e Open International de La Fere"]
[Site "La Fere (FRA)"]
[Date "2012.07.09"]
[Round "3.4"]
[White "Dumas, Victor"]
[Black "Godart, Francois"]
[Result "0-1"]
[WhiteElo "2064"]
[BlackElo "2317"]
[PlyCount "68"]
[EventDate "2012.??.??"]

1. e4 c6 2. d4 d5 3. exd5 cxd5 4. c4 Nf6 5. Nc3 e6 6. Nf3 Be7 7. cxd5 Nxd5 8.
Bd3 O-O 9. O-O Nc6 10. Re1 Nf6 11. a3 b6 12. Bg5 Bb7 13. Bc2 Rc8 14. Qd3 g6 15.
Rad1 Nd5 16. Bh6 Re8 17. Nxd5 Qxd5 18. Bb3 Qh5 19. Bf4 Rcd8 20. d5 exd5 21.
Bxd5 Nb4 22. Bxf7+ Kxf7 23. Rxe7+ Kxe7 24. Bd6+ Kf7 25. axb4 Bxf3 26. gxf3 Qf5
27. Qc4+ Qe6 28. Qf4+ Kg8 29. Kg2 Rd7 30. Rd4 Red8 31. Be5 Rxd4 32. Bxd4 Qc4
33. Be3 Qxf4 34. Bxf4 Rd4 0-1

[Event "11e Open International de La Fere"]
[Site "La Fere (FRA)"]
[Date "2012.07.09"]
[Round "3.5"]
[White "Mancini, Mario"]
[Black "Barbaut, Michel"]
[Result "1-0"]
[WhiteElo "2282"]
[BlackElo "2032"]
[PlyCount "99"]
[EventDate "2012.??.??"]

1. d4 d5 2. c4 e6 3. Nc3 c5 4. cxd5 cxd4 5. Qa4+ Bd7 6. Qxd4 exd5 7. Qxd5 Nc6
8. Nf3 Nf6 9. Qb3 Bc5 10. Bg5 h6 11. Bxf6 Qxf6 12. e3 O-O-O 13. Be2 g5 14. O-O
Rhe8 15. Rfd1 g4 16. Nd2 Bf5 17. Qc4 Bb6 18. Nde4 Qg6 19. Rxd8+ Bxd8 20. Bd3
Kb8 21. Nc5 Ne5 22. Bxf5 Qxf5 23. Qd5 Nf3+ 24. gxf3 Qxd5 25. Nxd5 gxf3 26. Rc1
Rg8+ 27. Kf1 b6 28. Nd7+ Kb7 29. Ne5 Rg5 30. Nxf3 Rxd5 31. Ke2 Bc7 32. Rc4 Rh5
33. h4 Rf5 34. Re4 Rf6 35. Re7 Kc6 36. Nd4+ Kd6 37. Re8 a6 38. f4 Kd7 39. Rh8
Bd6 40. Ra8 a5 41. Ra7+ Ke8 42. Kf3 Kf8 43. Ke4 h5 44. Nf5 Kg8 45. Rd7 Bc5 46.
Rd5 Kh7 47. Kf3 Re6 48. e4 Be7 49. Nxe7 Rxe7 50. Rxh5+ 1-0

[Event "11e Open International de La Fere"]
[Site "La Fere (FRA)"]
[Date "2012.07.09"]
[Round "3.6"]
[White "Llaneza Vega, Patricia"]
[Black "Mataigne, Jean-Michel"]
[Result "1-0"]
[WhiteElo "2225"]
[BlackElo "2008"]
[PlyCount "103"]
[EventDate "2012.??.??"]

1. e4 d6 2. d4 Nf6 3. Nc3 g6 4. f4 Bg7 5. Nf3 O-O 6. Bd3 Nc6 7. e5 dxe5 8. fxe5
Nh5 9. Be3 Bg4 10. Bc4 Na5 11. Be2 c5 12. dxc5 Nc6 13. O-O Nxe5 14. Nxe5 Bxe2
15. Qxe2 Bxe5 16. g4 Nf6 17. Bh6 Qd4+ 18. Kh1 Qxc5 19. Bxf8 Kxf8 20. Qf3 Bxc3
21. bxc3 Qc6 22. Rab1 Nxg4 23. Rxb7 Qxf3+ 24. Rxf3 Ne5 25. Re3 f6 26. a4 a6 27.
Re4 Rc8 28. c4 Rc5 29. Rd4 Ra5 30. Rd8+ Kf7 31. Rh8 h5 32. Rh7+ Ke6 33. Rhxe7+
Kf5 34. Rb1 Rxa4 35. Rf1+ Kg5 36. Re6 Rxc4 37. Rfxf6 Rxc2 38. h4+ Kxh4 39. Rxe5
g5 40. Rxa6 g4 41. Ra3 Rc1+ 42. Kg2 Rc2+ 43. Kf1 Rc1+ 44. Ke2 Rc2+ 45. Kf1 Rc1+
46. Re1 Rc4 47. Re2 g3 48. Kg2 Rf4 49. Rea2 Kg4 50. Rxg3+ Kh4 51. Rh3+ Kg4 52.
Rha3 1-0

[Event "11e Open International de La Fere"]
[Site "La Fere (FRA)"]
[Date "2012.07.09"]
[Round "3.8"]
[White "Ternisien, Clement"]
[Black "Alloui-Cros, Baptiste"]
[Result "0-1"]
[WhiteElo "1580"]
[BlackElo "1695"]
[PlyCount "80"]
[EventDate "2012.??.??"]

1. d4 Nf6 2. c4 g6 3. Nc3 Bg7 4. Nf3 O-O 5. e4 d6 6. Bg5 h6 7. Be3 e5 8. Be2
Ng4 9. Qd2 Nxe3 10. Qxe3 Nc6 11. d5 Nd4 12. Qd2 Nxe2 13. Nxe2 f5 14. Ng3 Kh7
15. Qc2 fxe4 16. Qxe4 Rf4 17. Qc2 Qf6 18. Nh5 Qf5 19. Qxf5 Rxf5 20. Nxg7 Kxg7
21. O-O Rf4 22. b3 Bf5 23. Rfe1 Rf8 24. Nd2 g5 25. f3 g4 26. Rf1 Bd3 27. Rf2
gxf3 28. Rxf3 e4 29. Rxf4 Rxf4 30. Re1 Kf6 31. g3 Rg4 32. Kf2 Kf5 33. Nf1 Ke5
34. Ke3 Rg7 35. Nd2 Rf7 36. g4 c6 37. dxc6 bxc6 38. h3 d5 39. cxd5 cxd5 40.
Nxe4 dxe4 0-1

[Event "11e Open International de La Fere"]
[Site "La Fere (FRA)"]
[Date "2012.07.09"]
[Round "3.9"]
[White "Pruvost, Alain"]
[Black "Rusev, Krasimir"]
[Result "0-1"]
[WhiteElo "1604"]
[BlackElo "2540"]
[PlyCount "40"]
[EventDate "2012.??.??"]

1. b4 c5 2. b5 a6 3. c4 axb5 4. cxb5 d5 5. e3 e5 6. Bb2 Bd6 7. Nc3 Be6 8. a4
Nf6 9. Qb1 Nbd7 10. Nf3 h6 11. d3 d4 12. Nd1 Qa5+ 13. Nd2 Qb4 14. Qc2 Nb6 15.
Ba3 Qxa4 16. Qxa4 Rxa4 17. Nb2 Ra7 18. exd4 cxd4 19. Nb1 Kd7 20. Nd1 Rha8 0-1

[Event "11e Open International de La Fere"]
[Site "La Fere (FRA)"]
[Date "2012.07.09"]
[Round "3.10"]
[White "Vekemans, Sylvain"]
[Black "Arnaudov, G. Petar"]
[Result "0-1"]
[WhiteElo "1779"]
[BlackElo "2486"]
[PlyCount "60"]
[EventDate "2012.??.??"]

1. c4 Nf6 2. Nc3 e6 3. g3 d5 4. cxd5 exd5 5. Bg2 Be7 6. d3 O-O 7. Nf3 d4 8. Nb1
c5 9. O-O Nc6 10. Bg5 Be6 11. Nbd2 Rc8 12. a3 h6 13. Bxf6 Bxf6 14. Rb1 Be7 15.
Qa4 a6 16. b4 cxb4 17. axb4 Na7 18. Ne5 Nb5 19. Bxb7 Nc3 20. Qxa6 Bd5 21. Rbe1
Bxb7 22. Qxb7 Qd6 23. f4 Rc7 24. Qf3 Qxb4 25. Nc6 Qa4 26. Nxe7+ Rxe7 27. Ne4
Rfe8 28. Rc1 Nxe4 29. dxe4 Rxe4 30. Rf2 Qa7 0-1

[Event "11e Open International de La Fere"]
[Site "La Fere (FRA)"]
[Date "2012.07.09"]
[Round "3.11"]
[White "Casier, Fabrice"]
[Black "Sobry, Sebastien"]
[Result "1-0"]
[WhiteElo "1769"]
[BlackElo "2039"]
[PlyCount "87"]
[EventDate "2012.??.??"]

1. c4 Nf6 2. Nc3 g6 3. g3 Bg7 4. Bg2 O-O 5. Nf3 d6 6. O-O e5 7. d3 h6 8. Rb1 a5
9. a3 Re8 10. b4 axb4 11. axb4 e4 12. Nd2 e3 13. fxe3 Ng4 14. Qb3 Nxe3 15. Re1
Nxg2 16. Kxg2 Qd7 17. Nf3 Nc6 18. Nd5 Nd4 19. Nxd4 Bxd4 20. Bb2 Qh3+ 21. Kh1
Be5 22. Nf6+ Bxf6 23. Bxf6 Bg4 24. Qb2 Kh7 25. e4 Bf3+ 26. Kg1 Re6 27. Bd4 g5
28. Qf2 g4 29. Re3 Rae8 30. Rxf3 gxf3 31. Qxf3 f5 32. Rf1 R8e7 33. Qxf5+ Qxf5
34. Rxf5 Kg6 35. h4 c6 36. Kg2 Kh7 37. Rf8 Rd7 38. h5 Re5 39. Bxe5 dxe5 40. Rf3
Kg7 41. Kh3 Rd4 42. b5 Rd6 43. Kh4 Rd7 44. g4 1-0

[Event "11e Open International de La Fere"]
[Site "La Fere (FRA)"]
[Date "2012.07.09"]
[Round "3.12"]
[White "Thomas, Olivier"]
[Black "Teodorczyk, Ludovic"]
[Result "1-0"]
[WhiteElo "1998"]
[BlackElo "1731"]
[PlyCount "65"]
[EventDate "2012.??.??"]

1. e4 d6 2. Nc3 e5 3. Bc4 Nf6 4. d3 Be7 5. f4 exf4 6. Bxf4 O-O 7. Nf3 Nc6 8.
Qd2 a6 9. Bb3 Na5 10. O-O Nxb3 11. axb3 Be6 12. Nd4 Nd7 13. Qe2 Bf6 14. Nxe6
fxe6 15. Rad1 Bd4+ 16. Be3 Rxf1+ 17. Rxf1 Bxe3+ 18. Qxe3 Qe7 19. Ne2 e5 20. Qh3
Rf8 21. Ng3 Rxf1+ 22. Nxf1 c6 23. Ne3 g6 24. Qg4 Kf7 25. Qh3 Kg7 26. Qg3 Kh8
27. Qg4 Nf6 28. Qg5 Nd5 29. Qxe7 Nxe7 30. Nc4 b5 31. Nxd6 Kg7 32. b4 Kf6 33.
Nb7 1-0

[Event "11e Open International de La Fere"]
[Site "La Fere (FRA)"]
[Date "2012.07.09"]
[Round "3.13"]
[White "Paillard, Maximilien"]
[Black "Vekemans, Denis"]
[Result "1-0"]
[WhiteElo "1741"]
[BlackElo "1980"]
[PlyCount "79"]
[EventDate "2012.??.??"]

1. Nf3 d6 2. d4 g6 3. c4 Bg7 4. Nc3 c6 5. e4 Na6 6. Be3 f5 7. e5 Nh6 8. exd6
exd6 9. Bg5 Qd7 10. Be2 O-O 11. h4 Nf7 12. Bf4 h6 13. Qd2 Nc7 14. Rd1 Ne6 15.
g3 Qe7 16. Qd3 Bd7 17. Kf1 Rae8 18. Re1 Qf6 19. Rd1 Nfd8 20. Bxd6 Rf7 21. Be5
Qe7 22. Bxg7 Rxg7 23. Re1 Qd6 24. c5 Qc7 25. b4 a5 26. d5 Nf8 27. d6 Qc8 28.
bxa5 f4 29. Ne4 Bf5 30. Qb3+ Kh8 31. Bd3 Nde6 32. Qc3 Nd7 33. Nfg5 hxg5 34.
hxg5+ Kg8 35. Nf6+ Nxf6 36. Bxf5 gxf5 37. gxf6 Rf7 38. Qe5 Ng7 39. Rh8+ Kxh8
40. fxg7+ 1-0

[Event "11e Open International de La Fere"]
[Site "La Fere (FRA)"]
[Date "2012.07.09"]
[Round "3.14"]
[White "Derigny, Philippe"]
[Black "Godart, Michel"]
[Result "1-0"]
[WhiteElo "1977"]
[BlackElo "1729"]
[PlyCount "69"]
[EventDate "2012.??.??"]

1. e4 c6 2. d4 d5 3. exd5 cxd5 4. c4 Nf6 5. c5 e5 6. Nc3 exd4 7. Qxd4 Nc6 8.
Bb5 Be7 9. Bxc6+ bxc6 10. Nf3 O-O 11. O-O a5 12. Ne5 Bb7 13. h3 Nd7 14. Nxd7
Qxd7 15. Na4 Qf5 16. Qf4 Qxf4 17. Bxf4 Ba6 18. Rfe1 Ra7 19. Bd6 Bxd6 20. cxd6
f6 21. Nc5 Bc8 22. Rac1 Rd8 23. d7 Bxd7 24. Nxd7 Raxd7 25. Rxc6 d4 26. Rd1 Kf7
27. Rd3 Rd6 28. Rxd6 Rxd6 29. Kf1 Ke6 30. Ke2 Rd5 31. Rb3 g5 32. a4 h5 33. Kd3
f5 34. Rb6+ Ke7 35. b4 1-0